[Event "España ch-2015 sub-16"]
[Site "Salobreña ESP"]
[Date "2015.07.20"]
[Round "2.30"]
[White "Dorado Meijide, Andrea"]
[Black "Martinez Lopez, Carlos"]
[Result "0-1"]
[WhiteElo "1696"]
[BlackElo "1996"]
[PlyCount "71"]
[EventDate "2015.07.20"]
[EventType "swiss"]
[EventRounds "9"]
[EventCountry "ESP"]
[Source "lmi"]
[SourceDate "2015.07.20"]

1. e4 c5 2. Nf3 d6 3. d4 cxd4 4. Nxd4 Nf6 5. Nc3 a6 6. g3 e5 7. Nde2 Be7 8. Bg2
Be6 9. O-O O-O 10. h3 Qc7 11. Be3 b5 12. Nd5 Nxd5 13. exd5 Bf5 14. c3 Nd7 15.
f4 exf4 16. Bxf4 Bg6 17. Nd4 Bf6 18. Re1 Nc5 19. Re3 Rae8 20. Qd2 Rxe3 21. Bxe3
Ne4 22. Bxe4 Bxe4 23. Nc6 Qd7 24. Kh2 Qf5 25. Nb4 a5 26. Nc6 Bxd5 27. Nxa5 Re8
28. Rd1 Ba8 29. Re1 h6 30. Nb3 Qf3 31. Qf2 Rxe3 32. Qxf3 Rxf3 33. Re8+ Kh7 34.
Rxa8 Rf2+ 35. Kg1 Rxb2 36. Nd4 0-1

[Event "España ch-2015 sub-16"]
[Site "Salobreña ESP"]
[Date "2015.07.20"]
[Round "2.31"]
[White "Motos Abellan, Daniel"]
[Black "Pulido Esteban, Francisco Daniel"]
[Result "1/2-1/2"]
[WhiteElo "1994"]
[BlackElo "1692"]
[PlyCount "133"]
[EventDate "2015.07.20"]
[EventType "swiss"]
[EventRounds "9"]
[EventCountry "ESP"]
[Source "lmi"]
[SourceDate "2015.07.20"]

1. d4 Nf6 2. c4 g6 3. Nc3 Bg7 4. e4 d6 5. Be2 e5 6. d5 Nbd7 7. Bg5 Nc5 8. f3 a6
9. Qd2 Rb8 10. b4 Ncd7 11. Bd3 c6 12. Nge2 O-O 13. a4 Qc7 14. Rb1 Re8 15. g4
cxd5 16. Nxd5 Nxd5 17. cxd5 f6 18. Be3 Nf8 19. Ng3 Bd7 20. O-O Bxa4 21. Rfc1
Qd7 22. Rc3 Rec8 23. Rbc1 Rxc3 24. Qxc3 Qe7 25. Qc7 Re8 26. Qa5 Bd7 27. Qc7 Ba4
28. Qb6 Rd8 29. Qa5 Be8 30. Rc7 Rd7 31. Rc8 Qf7 32. Qb6 h5 33. h3 hxg4 34. hxg4
Nh7 35. Bc2 Bf8 36. Ba4 Re7 37. Bxe8 Rxe8 38. Rxe8 Qxe8 39. Qxb7 Qb5 40. Qxb5
axb5 41. Ne2 f5 42. gxf5 gxf5 43. Nc3 fxe4 44. fxe4 Kf7 45. Nxb5 Ke7 46. Kf2
Kd7 47. Na7 Be7 48. b5 Kc7 49. Nc6 Bh4+ 50. Kf3 Ng5+ 51. Bxg5 Bxg5 52. Na5 Kb6
53. Nc4+ Kc5 54. b6 Bd8 55. b7 Bc7 56. Na3 Kb6 57. Kg4 Kxb7 58. Kf5 Kb6 59. Ke6
Kc5 60. Kd7 Bb8 61. Kc8 Kd4 62. Kxb8 Kxe4 63. Kc7 Kxd5 64. Nb5 e4 65. Nc3+ Kd4
66. Nxe4 Kxe4 67. Kxd6 1/2-1/2

[Event "España ch-2015 sub-16"]
[Site "Salobreña ESP"]
[Date "2015.07.20"]
[Round "2.32"]
[White "Pena Aragon, Sergio"]
[Black "Pulido Leon, Manuel"]
[Result "0-1"]
[WhiteElo "1677"]
[BlackElo "1991"]
[PlyCount "70"]
[EventDate "2015.07.20"]
[EventType "swiss"]
[EventRounds "9"]
[EventCountry "ESP"]
[Source "lmi"]
[SourceDate "2015.07.20"]

1. c4 e5 2. Nc3 Nf6 3. Nf3 Nc6 4. g3 d5 5. cxd5 Nxd5 6. Bg2 Be6 7. O-O Be7 8.
Rb1 Nb6 9. b4 f6 10. a3 a5 11. b5 Nd4 12. Nxd4 exd4 13. Na4 Ba2 14. Nxb6 cxb6
15. Rb2 Bd5 16. Bxd5 Qxd5 17. Qb3 Qe5 18. Rc2 h5 19. e3 h4 20. exd4 Qe4 21. Rc7
hxg3 22. fxg3 Qxd4+ 23. Qe3 Qd6 24. Rxb7 Rh5 25. Qxb6 Qxb6+ 26. Rxb6 Bc5+ 27.
Kg2 Bxb6 28. a4 O-O-O 29. Rf3 Rc5 30. Ba3 Rxd2+ 31. Kh3 Rh5+ 32. Kg4 Rdxh2 33.
Rc3+ Kb7 34. Rd3 f5+ 35. Kf3 Rf2# 0-1

[Event "España ch-2015 sub-16"]
[Site "Salobreña ESP"]
[Date "2015.07.20"]
[Round "2.33"]
[White "Guerra Arrocha, Daniel"]
[Black "Simal Marco, Joel"]
[Result "1-0"]
[WhiteElo "1989"]
[BlackElo "1654"]
[PlyCount "61"]
[EventDate "2015.07.20"]
[EventType "swiss"]
[EventRounds "9"]
[EventCountry "ESP"]
[Source "lmi"]
[SourceDate "2015.07.20"]

1. Nf3 Nf6 2. g3 d5 3. Bg2 g6 4. O-O Bg7 5. d3 O-O 6. Nbd2 c6 7. e4 dxe4 8.
dxe4 Bg4 9. h3 Bxf3 10. Qxf3 Nbd7 11. Nc4 Qc7 12. Bf4 e5 13. Bd2 Nc5 14. Bb4
Nfd7 15. Qe3 b6 16. Rad1 Rfd8 17. h4 Ne6 18. Bd6 Qb7 19. Be7 Rdb8 20. Bh3 Bf8
21. Bxf8 Nexf8 22. Rd6 Rd8 23. Rfd1 Qc7 24. Qd2 b5 25. Ne3 f5 26. exf5 e4 27.
Kg2 a5 28. fxg6 Ra7 29. gxh7+ Kxh7 30. Bf5+ Kg8 31. Ng4 1-0

[Event "España ch-2015 sub-16"]
[Site "Salobreña ESP"]
[Date "2015.07.20"]
[Round "2.34"]
[White "Rosa Gamez, Nerea"]
[Black "Dominguez Fernandez, Angel I"]
[Result "0-1"]
[WhiteElo "1354"]
[BlackElo "1988"]
[PlyCount "33"]
[EventDate "2015.07.20"]
[EventType "swiss"]
[EventRounds "9"]
[EventCountry "ESP"]
[Source "lmi"]
[SourceDate "2015.07.20"]

1. e4 e6 2. d3 d5 3. Nd2 Nc6 4. Ngf3 Nf6 5. g3 dxe4 6. dxe4 Bc5 7. Bg2 e5 8.
O-O O-O 9. Re1 Qe7 10. Nh4 Bxf2+ 11. Kxf2 Ng4+ 12. Ke2 Qc5 13. Nc4 Qf2+ 14. Kd3
Rd8+ 15. Kc3 Rxd1 16. Rxd1 Nb8 17. Rh1 0-1

[Event "España ch-2015 sub-16"]
[Site "Salobreña ESP"]
[Date "2015.07.20"]
[Round "2.36"]
[White "Rebollo Montes, Bernardo"]
[Black "Lopez Mulet, Iñigo"]
[Result "0-1"]
[WhiteElo "1718"]
[BlackElo "2345"]
[PlyCount "79"]
[EventDate "2015.07.20"]
[EventType "swiss"]
[EventRounds "9"]
[EventCountry "ESP"]
[Source "lmi"]
[SourceDate "2015.07.20"]

1. d4 Nf6 2. c4 c5 3. d5 b5 4. Qc2 e6 5. e4 bxc4 6. Bxc4 exd5 7. exd5 Be7 8.
Nf3 O-O 9. O-O d6 10. Nc3 Nbd7 11. Re1 Nb6 12. b3 Nxc4 13. bxc4 Re8 14. h3 Rb8
15. Rb1 Rxb1 16. Qxb1 Ba6 17. Nb5 Qd7 18. a4 Rb8 19. Qa2 Bc8 20. Bf4 Bf8 21.
Bg5 a6 22. Nc3 Qf5 23. Qe2 Bd7 24. Bxf6 Qxf6 25. Qc2 Bf5 26. Ne4 Qb2 27. Qxb2
Rxb2 28. g4 Bd7 29. Nc3 Rb3 30. Re3 h6 31. Nd2 Ra3 32. Kg2 g6 33. Ndb1 Ra1 34.
Nd2 Kg7 35. Nde4 Bxa4 36. Rf3 Be7 37. Kg3 Bc2 38. Re3 Kf8 39. f3 f5 40. Nb1 0-1

[Event "España ch-2015 sub-16"]
[Site "Salobreña ESP"]
[Date "2015.07.20"]
[Round "2.37"]
[White "Represa Perez, Mireya"]
[Black "Ventura Bolet, Alexandre"]
[Result "1/2-1/2"]
[WhiteElo "1836"]
[BlackElo "2087"]
[PlyCount "87"]
[EventDate "2015.07.20"]
[EventType "swiss"]
[EventRounds "9"]
[EventCountry "ESP"]
[Source "lmi"]
[SourceDate "2015.07.20"]

1. e4 Nf6 2. e5 Nd5 3. d4 d6 4. c4 Nb6 5. exd6 exd6 6. Nc3 Nc6 7. d5 Ne5 8. Bd3
Be7 9. Nge2 O-O 10. b3 Bf6 11. O-O Re8 12. Bb2 Nxd3 13. Qxd3 Nd7 14. Qd2 a5 15.
Nb5 Bxb2 16. Qxb2 Ne5 17. Nbd4 Qf6 18. Qd2 a4 19. Rae1 axb3 20. axb3 Bd7 21.
Nc3 h5 22. Re2 h4 23. h3 Bf5 24. Nxf5 Qxf5 25. Nb5 Qd7 26. Rfe1 Re7 27. Qg5
Rae8 28. Nd4 Ng6 29. Rxe7 Nxe7 30. Qxh4 Ng6 31. Rxe8+ Qxe8 32. Qg3 c6 33. dxc6
bxc6 34. Qxd6 Qe1+ 35. Kh2 Qxf2 36. Nxc6 Nf4 37. Ne7+ Kh7 38. Qc6 Ne2 39. Qe4+
g6 40. Qb1 Qf4+ 41. Kh1 Ng3+ 42. Kg1 Ne2+ 43. Kh1 Ng3+ 44. Kg1 1/2-1/2

[Event "España ch-2015 sub-16"]
[Site "Salobreña ESP"]
[Date "2015.07.20"]
[Round "2.39"]
[White "Marquez Marvizon, Alejandra"]
[Black "Malon Insausti, Andres"]
[Result "1-0"]
[WhiteElo "1968"]
[BlackElo "1586"]
[PlyCount "91"]
[EventDate "2015.07.20"]
[EventType "swiss"]
[EventRounds "9"]
[EventCountry "ESP"]
[Source "lmi"]
[SourceDate "2015.07.20"]

1. e4 g6 2. d4 c5 3. Nc3 cxd4 4. Qxd4 Nf6 5. Bg5 Nc6 6. Qd2 Bg7 7. Bh6 O-O 8.
Nf3 a6 9. a4 e6 10. Bxg7 Kxg7 11. Be2 d5 12. exd5 exd5 13. Rd1 Be6 14. O-O Qd7
15. Nd4 Rad8 16. Bf3 Ne4 17. Nxe6+ Qxe6 18. Nxe4 dxe4 19. Qc3+ Kg8 20. Rde1 f5
21. Be2 Ne5 22. Qb4 Qc6 23. Qb3+ Kh8 24. Rd1 f4 25. f3 e3 26. c4 Rfe8 27. Qc3
Kg8 28. Rxd8 Rxd8 29. Qxe5 Rd2 30. Re1 Qxa4 31. Qb8+ Kg7 32. Qxb7+ Kh6 33. Qe7
Qc2 34. Qf8+ Kh5 35. g4+ fxg3 36. Qc5+ Kh6 37. Qxe3+ Kg7 38. hxg3 Qxb2 39. Qe7+
Kg8 40. c5 Qc3 41. Rb1 Rb2 42. Rxb2 Qc1+ 43. Kg2 Qxb2 44. c6 Qc2 45. c7 h5 46.
Qe6+ 1-0

[Event "España ch-2015 sub-16"]
[Site "Salobreña ESP"]
[Date "2015.07.20"]
[Round "2.40"]
[White "Henderson de La Fuente, Andrea"]
[Black "Vazquez Pino, Miguel A"]
[Result "1-0"]
[WhiteElo "1947"]
[BlackElo "1443"]
[PlyCount "79"]
[EventDate "2015.07.20"]
[EventType "swiss"]
[EventRounds "9"]
[EventCountry "ESP"]
[Source "lmi"]
[SourceDate "2015.07.20"]

1. e4 e6 2. d3 d5 3. Nd2 Nf6 4. Ngf3 b6 5. g3 Bb7 6. e5 Nfd7 7. Bg2 Be7 8. O-O
c5 9. Re1 Nc6 10. Nf1 h6 11. h4 Qc7 12. Bf4 d4 13. a3 b5 14. N1d2 Nb6 15. g4
Nd5 16. Bg3 a6 17. Ne4 O-O-O 18. Qe2 Rd7 19. g5 Nd8 20. a4 Bc6 21. axb5 Bxb5
22. Nd6+ Bxd6 23. exd6 Qa7 24. Ne5 Rb7 25. Nxf7 Rxf7 26. Qg4 Bd7 27. c4 Nb4 28.
Ra5 Nxd3 29. Rea1 Nb4 30. gxh6 Rxh6 31. Qg5 Qb6 32. Rxc5+ Bc6 33. Bh3 Nb7 34.
Re5 Bd7 35. c5 Qd8 36. Qd2 Nc6 37. Rxa6 Kb8 38. Rg5 Rff6 39. Bg2 Qc8 40. Bxc6
1-0

[Event "España ch-2015 sub-16"]
[Site "Salobreña ESP"]
[Date "2015.07.21"]
[Round "3.1"]
[White "Alfaya Marcelo, Roberto"]
[Black "Plazuelo Pascual, Juan"]
[Result "0-1"]
[WhiteElo "2097"]
[BlackElo "2335"]
[PlyCount "62"]
[EventDate "2015.07.20"]
[EventType "swiss"]
[EventRounds "9"]
[EventCountry "ESP"]
[Source "lmi"]
[SourceDate "2015.07.20"]

1. c4 e5 2. g3 Nc6 3. Bg2 Bc5 4. Nc3 d6 5. Nf3 Nf6 6. O-O O-O 7. d3 h6 8. a3 a6
9. b4 Ba7 10. Bb2 Be6 11. e3 Qd7 12. Rc1 Ne7 13. c5 Bh3 14. Ne4 Ne8 15. Qc2
Bxg2 16. Kxg2 f6 17. cxd6 cxd6 18. Qb3+ Kh7 19. Rc2 f5 20. Ned2 Nc7 21. Rfc1
Ne6 22. a4 g5 23. Nc4 f4 24. exf4 Nxf4+ 25. gxf4 Qg4+ 26. Kf1 Qxf3 27. Nxd6
Rxf4 28. Ne4 Rxe4 29. dxe4 Qxb3 30. Bxe5 Rf8 31. Bg3 Nc6 0-1

[Event "España ch-2015 sub-16"]
[Site "Salobreña ESP"]
[Date "2015.07.21"]
[Round "3.2"]
[White "Santos Ruiz, Miguel"]
[Black "Serra Canals, Oriol"]
[Result "1/2-1/2"]
[WhiteElo "2329"]
[BlackElo "2100"]
[PlyCount "60"]
[EventDate "2015.07.20"]
[EventType "swiss"]
[EventRounds "9"]
[EventCountry "ESP"]
[Source "lmi"]
[SourceDate "2015.07.20"]

1. e4 e6 2. d4 d5 3. Nd2 Nf6 4. e5 Nfd7 5. Bd3 c5 6. c3 Nc6 7. Ne2 cxd4 8. cxd4
f6 9. exf6 Qxf6 10. Nf3 Bd6 11. Bg5 Qf7 12. O-O O-O 13. Bh4 h6 14. Bg3 e5 15.
dxe5 Ndxe5 16. Nxe5 Nxe5 17. Nd4 Nxd3 18. Qxd3 Bc5 19. Rac1 b6 20. Be5 Bd7 21.
Qg3 Rac8 22. Rc3 Rfe8 23. Rf3 Qe7 24. Bf6 Qf7 25. Be5 Qe7 26. Bf6 Qf7 27. Be5
Qe7 28. Bf6 Qf7 29. Be5 Qe7 30. Bf6 Qf7 1/2-1/2

[Event "España ch-2015 sub-16"]
[Site "Salobreña ESP"]
[Date "2015.07.21"]
[Round "3.4"]
[White "Domingo Nunez, Ruben"]
[Black "Buiza Prieto, Eihartze"]
[Result "1/2-1/2"]
[WhiteElo "2205"]
[BlackElo "2095"]
[PlyCount "231"]
[EventDate "2015.07.20"]
[EventType "swiss"]
[EventRounds "9"]
[EventCountry "ESP"]
[Source "lmi"]
[SourceDate "2015.07.20"]

1. e4 d6 2. d4 e5 3. Nc3 exd4 4. Qxd4 a6 5. Be3 Nc6 6. Qd2 Nf6 7. f3 Be6 8.
O-O-O b5 9. Nge2 Be7 10. g4 Ne5 11. Nd4 b4 12. Nd5 Nxd5 13. exd5 Bxd5 14. Nf5
Bxf3 15. Nxg7+ Kd7 16. Bh3 Bxg4 17. Qg2 Bxh3 18. Qxh3+ Kc6 19. Nf5 Kb7 20. Qg2+
Kb8 21. Bf4 Bf6 22. Nd4 Rg8 23. Qd2 Bg5 24. Qxb4+ Ka7 25. Bxg5 Qxg5+ 26. Kb1
Qg2 27. Qc3 Qb7 28. Rhe1 Rg6 29. Nb3 Qc6 30. Qd4+ Qb6 31. Qd5 Qc6 32. Qd4+ Qb6
33. Qe4 Rag8 34. Nd4 Qb7 35. Qe3 Qb6 36. a4 Rb8 37. b3 Rg4 38. Qc3 Rg6 39. Nf5
Re6 40. Re4 Qc6 41. Qe3+ Ka8 42. Nd4 Nc4 43. Nxc6 Nxe3 44. Rxe6 fxe6 45. Rd3
Rb6 46. Nd8 Ng4 47. Nxe6 Kb7 48. Rh3 d5 49. Nc5+ Kc6 50. Nd3 Rb8 51. Rxh7 Rd8
52. h4 Rd6 53. Rg7 Nh6 54. Ne5+ Kb7 55. h5 Nf5 56. Rf7 Nh6 57. Rh7 d4 58. Nf7
Nxf7 59. Rxf7 d3 60. cxd3 Rxd3 61. Kc2 Rh3 62. Rh7 Kb6 63. h6 a5 64. Rh8 Ka7
65. h7 Kb7 66. Kd2 Ka7 67. Ke2 Kb7 68. Kf2 Rh1 69. Kg3 Ka7 70. Kf4 Kb7 71. Ke5
Rh2 72. Kd5 Rh1 73. Ke4 Rh2 74. Kd4 Rh1 75. Kc4 Rh4+ 76. Kd5 Rh1 77. Kc5 Rh5+
78. Kd4 Rh4+ 79. Kc5 Rh5+ 80. Kc4 Rh4+ 81. Kd5 Rh1 82. Kc4 Rh4+ 83. Kc3 Rh3+
84. Kb2 Rh2+ 85. Ka3 Rh3 86. Kb2 Rh2+ 87. Kc3 Rh3+ 88. Kc2 Rh2+ 89. Kd3 Rh3+
90. Ke4 Rh4+ 91. Kf5 Rh1 92. Kf4 Rh4+ 93. Ke5 Rh1 94. Kd4 Rh4+ 95. Kd5 Rh1 96.
Ke5 Rh2 97. Kf4 Rh4+ 98. Ke3 Rh3+ 99. Kd4 Rh4+ 100. Ke5 Rh1 101. Rd8 Rxh7 102.
Rd5 Rh5+ 103. Kd4 Rxd5+ 104. Kxd5 Kb6 105. Kd4 Kc6 106. Kc4 Kb6 107. Kd5 c6+
108. Kd6 Kb7 109. Kd7 Kb6 110. Kc8 c5 111. Kd7 c4 112. bxc4 Kc5 113. Ke6 Kxc4
114. Ke5 Kb4 115. Kd4 Kxa4 116. Ke4 1/2-1/2

[Event "España ch-2015 sub-16"]
[Site "Salobreña ESP"]
[Date "2015.07.21"]
[Round "3.5"]
[White "Martin Carmona, Gaston Manuel"]
[Black "Domingo Nunez, Alejandro"]
[Result "1-0"]
[WhiteElo "2049"]
[BlackElo "2197"]
[PlyCount "125"]
[EventDate "2015.07.20"]
[EventType "swiss"]
[EventRounds "9"]
[EventCountry "ESP"]
[Source "lmi"]
[SourceDate "2015.07.20"]

1. e4 e6 2. d4 d5 3. Nc3 Bb4 4. e5 c5 5. a3 Bxc3+ 6. bxc3 Qc7 7. Qg4 f5 8. Qg3
Nc6 9. Ne2 Qf7 10. a4 Nge7 11. Be3 O-O 12. Nf4 Ng6 13. Be2 Nxf4 14. Qxf4 Bd7
15. dxc5 Ne7 16. Bd4 Ng6 17. Qf3 Bc6 18. Bd3 Rae8 19. h4 Qc7 20. Qg3 f4 21. Qg5
Ne7 22. Rh3 Nf5 23. Kd2 Re7 24. Rf3 Ref7 25. Qh5 Qa5 26. Ke2 Be8 27. Qg4 Kh8
28. Qxf4 Nxd4+ 29. Qxd4 Rxf3 30. gxf3 Bh5 31. Kd2 Rxf3 32. Rg1 Qc7 33. Be2 Rf5
34. Bxh5 Rxh5 35. Rg5 Rxg5 36. hxg5 Qf7 37. c4 Kg8 38. cxd5 exd5 39. a5 Kf8 40.
a6 bxa6 41. c6 Ke8 42. Ke3 Qf5 43. Qxd5 Qxg5+ 44. Ke2 Qg4+ 45. Ke3 Qg5+ 46. Kd4
Qd2+ 47. Kc5 Qa5+ 48. Kd6 Qd8+ 49. Ke6 Qe7+ 50. Kf5 Qf8+ 51. Ke4 Qb4+ 52. c4
Qe1+ 53. Kf3 Qh1+ 54. Ke2 Qh5+ 55. Kd2 Qg5+ 56. Kc2 Qf5+ 57. Kc3 Qxf2 58. Qg8+
Ke7 59. Qxg7+ Ke8 60. Qg8+ Ke7 61. Qxh7+ Ke8 62. Qh8+ Ke7 63. Qf6+ 1-0

[Event "España ch-2015 sub-16"]
[Site "Salobreña ESP"]
[Date "2015.07.21"]
[Round "3.6"]
[White "Martinez Pla, Xavier"]
[Black "Laiz Ibanez, Hector"]
[Result "0-1"]
[WhiteElo "2005"]
[BlackElo "2180"]
[PlyCount "60"]
[EventDate "2015.07.20"]
[EventType "swiss"]
[EventRounds "9"]
[EventCountry "ESP"]
[Source "lmi"]
[SourceDate "2015.07.20"]

1. e4 e6 2. d4 d5 3. Nc3 Nf6 4. e5 Nfd7 5. f4 c5 6. Nf3 Nc6 7. Be3 Be7 8. Qd2
O-O 9. dxc5 Nxc5 10. O-O-O a6 11. Kb1 Qa5 12. Nd4 Kh8 13. g4 Bd7 14. Qf2 Rac8
15. h4 b5 16. Nb3 Nxb3 17. Bb6 Bc5 18. Bxc5 Nxc5 19. Qxc5 Qb4 20. Qxb4 Nxb4 21.
h5 f6 22. a3 Nc6 23. exf6 Rxf6 24. Ne2 b4 25. a4 e5 26. fxe5 Nxe5 27. Rxd5 Bc6
28. Rc5 Rcf8 29. Rg1 Nf3 30. Rg3 Nd2+ 0-1

[Event "España ch-2015 sub-16"]
[Site "Salobreña ESP"]
[Date "2015.07.21"]
[Round "3.7"]
[White "Martinez Lopez, Carlos"]
[Black "Roldan Marques, Daniel"]
[Result "0-1"]
[WhiteElo "1996"]
[BlackElo "2145"]
[PlyCount "70"]
[EventDate "2015.07.20"]
[EventType "swiss"]
[EventRounds "9"]
[EventCountry "ESP"]
[Source "lmi"]
[SourceDate "2015.07.20"]

1. e4 e5 2. Nf3 Nc6 3. Bb5 a6 4. Ba4 Nf6 5. O-O Nxe4 6. Qe2 Nc5 7. Bxc6 dxc6 8.
d4 Ne6 9. dxe5 Bc5 10. Rd1 Qe7 11. Nc3 O-O 12. b3 Rd8 13. Rxd8+ Qxd8 14. Bb2 b5
15. Rd1 Qe7 16. Ne4 Bb6 17. Ng3 Bb7 18. Nf5 Qf8 19. N3d4 Re8 20. Qg4 Nxd4 21.
Bxd4 Bxd4 22. Qxd4 Bc8 23. Ng3 Be6 24. Ne4 Bf5 25. c4 Qa3 26. Qc5 Qxa2 27. Qxc6
Rf8 28. cxb5 Qxb3 29. Rc1 Bxe4 30. Qxe4 axb5 31. Qc6 b4 32. Qxc7 Qa2 33. Qc2 b3
34. Qxa2 bxa2 35. Ra1 Rb8 0-1

[Event "España ch-2015 sub-16"]
[Site "Salobreña ESP"]
[Date "2015.07.21"]
[Round "3.8"]
[White "Ortega Lopez, Mikel"]
[Black "Lacruz Algarate, Alvaro"]
[Result "1-0"]
[WhiteElo "2141"]
[BlackElo "2072"]
[PlyCount "51"]
[EventDate "2015.07.20"]
[EventType "swiss"]
[EventRounds "9"]
[EventCountry "ESP"]
[Source "lmi"]
[SourceDate "2015.07.20"]

1. e4 e6 2. d4 d5 3. Nd2 Nf6 4. e5 Nfd7 5. Bd3 c5 6. c3 Nc6 7. Ndf3 cxd4 8.
cxd4 f6 9. exf6 Nxf6 10. Nh3 Bd6 11. O-O Qc7 12. Nhg5 O-O 13. Re1 e5 14. dxe5
Nxe5 15. Bxh7+ Kh8 16. Nh4 Nxh7 17. Rxe5 Nf6 18. Ne6 Bxe6 19. Rxe6 Bxh2+ 20.
Kh1 Ne4 21. Be3 Bf4 22. Ng6+ Kg8 23. Qxd5 Bxe3 24. Re7+ Kh7 25. Nxf8+ Rxf8 26.
Qxe4+ 1-0

[Event "España ch-2015 sub-16"]
[Site "Salobreña ESP"]
[Date "2015.07.21"]
[Round "3.10"]
[White "Dominguez Fernandez, Angel I"]
[Black "Esquivias Quintero, Luis Manuel"]
[Result "0-1"]
[WhiteElo "1988"]
[BlackElo "2134"]
[PlyCount "114"]
[EventDate "2015.07.20"]
[EventType "swiss"]
[EventRounds "9"]
[EventCountry "ESP"]
[Source "lmi"]
[SourceDate "2015.07.20"]

1. e4 Nf6 2. e5 Nd5 3. d4 d6 4. Nf3 dxe5 5. Nxe5 g6 6. Bc4 c6 7. O-O Bg7 8. Qe2
O-O 9. Bb3 Bf5 10. Rd1 a5 11. a4 Nd7 12. Ra3 Qc7 13. Bxd5 Nxe5 14. Ba2 Ng4 15.
Rg3 Nf6 16. Re3 Rfe8 17. h3 Rad8 18. g4 Bc8 19. c3 h5 20. g5 Nd5 21. Bxd5 Rxd5
22. Rf3 e5 23. c4 Rdd8 24. d5 cxd5 25. cxd5 e4 26. Ra3 Qe5 27. f4 exf3 28. Qxe5
Rxe5 29. Rxf3 Rexd5 30. Rdf1 Bd4+ 31. Kh2 Be5+ 32. Kg2 Bf5 33. Nc3 Bxc3 34.
Rxc3 Rd3 35. Rxd3 Rxd3 36. Re1 Bxh3+ 37. Kf2 Be6 38. Re5 h4 39. Rxa5 Kf8 40.
Bf4 Ke7 41. Ra8 Bd5 42. Kg1 Rd1+ 43. Kf2 Rd3 44. Kg1 Rf3 45. Bc7 Kd7 46. Be5
Ke6 47. Bc7 Kf5 48. Rd8 Bc6 49. Rd6 Kxg5 50. Bd8+ f6 51. a5 Rg3+ 52. Kf1 Rf3+
53. Kg1 h3 54. Rxc6 bxc6 55. a6 h2+ 56. Kh1 Rf1+ 57. Kxh2 Ra1 0-1

[Event "España ch-2015 sub-16"]
[Site "Salobreña ESP"]
[Date "2015.07.21"]
[Round "3.11"]
[White "Centron Antuna, Daniel"]
[Black "Jimenez Ruano, Adrian"]
[Result "1-0"]
[WhiteElo "2113"]
[BlackElo "2053"]
[PlyCount "103"]
[EventDate "2015.07.20"]
[EventType "swiss"]
[EventRounds "9"]
[EventCountry "ESP"]
[Source "lmi"]
[SourceDate "2015.07.20"]

1. d4 Nf6 2. c4 g6 3. Nc3 Bg7 4. e4 d6 5. Be2 O-O 6. Bg5 Nbd7 7. h4 e5 8. d5 h6
9. Be3 Nc5 10. Bf3 a5 11. a3 Nfd7 12. h5 g5 13. g4 a4 14. Nge2 Qf6 15. Ng3 Nd3+
16. Qxd3 Qxf3 17. Qe2 Qxe2+ 18. Kxe2 Nf6 19. f3 c5 20. Nb5 Rd8 21. Rab1 Bf8 22.
b4 b6 23. Rb2 Ne8 24. Rhb1 Bd7 25. bxc5 bxc5 26. Nc3 Ra7 27. Rb8 Be7 28. Kd3 f6
29. Bd2 Kf7 30. Nf5 Bxf5 31. exf5 Rdd7 32. Ne4 Bd8 33. R1b5 Ke7 34. Be3 Ra6 35.
Bxc5 dxc5 36. Nxc5 Rad6 37. Nxd7 Kxd7 38. R5b7+ Nc7 39. Ke4 Ke7 40. Ra8 Rd7 41.
Rxa4 Ne8 42. Rxd7+ Kxd7 43. c5 Kc8 44. Ra8+ Kc7 45. d6+ Kd7 46. c6+ Kxc6 47.
Rxd8 Nxd6+ 48. Rxd6+ Kxd6 49. a4 Kc5 50. a5 Kb5 51. Kd5 Kxa5 52. Ke4 1-0

[Event "España ch-2015 sub-16"]
[Site "Salobreña ESP"]
[Date "2015.07.21"]
[Round "3.12"]
[White "Salagran Ferragut, Guillem"]
[Black "Bayo Milagro, Alvaro"]
[Result "1/2-1/2"]
[WhiteElo "1983"]
[BlackElo "2109"]
[PlyCount "61"]
[EventDate "2015.07.20"]
[EventType "swiss"]
[EventRounds "9"]
[EventCountry "ESP"]
[Source "lmi"]
[SourceDate "2015.07.20"]

1. e4 e6 2. d4 d5 3. Nc3 Nf6 4. e5 Nfd7 5. Nce2 c5 6. c3 cxd4 7. cxd4 f6 8. Nf4
Bb4+ 9. Bd2 Qb6 10. Bxb4 Qxb4+ 11. Qd2 Qxd2+ 12. Kxd2 Ke7 13. exf6+ gxf6 14.
Nf3 Kd6 15. Bb5 e5 16. Nh5 Rf8 17. Rhe1 e4 18. Ng1 a6 19. Ba4 b5 20. Bb3 Nc6
21. Ne2 Nb6 22. Nhf4 Bb7 23. Rac1 a5 24. a3 a4 25. Ba2 b4 26. axb4 Nxb4 27. Nc3
Ba6 28. Bxd5 N6xd5 29. Nxe4+ Ke7 30. Nc3+ Kd6 31. Ne4+ 1/2-1/2

[Event "España ch-2015 sub-16"]
[Site "Salobreña ESP"]
[Date "2015.07.21"]
[Round "3.13"]
[White "Palenciano Escolar, Adrian"]
[Black "Galiana Fernandez, Adrian"]
[Result "1/2-1/2"]
[WhiteElo "2108"]
[BlackElo "2004"]
[PlyCount "63"]
[EventDate "2015.07.20"]
[EventType "swiss"]
[EventRounds "9"]
[EventCountry "ESP"]
[Source "lmi"]
[SourceDate "2015.07.20"]

1. e4 c5 2. Nf3 e6 3. d4 cxd4 4. Nxd4 Nf6 5. Nc3 d6 6. Be2 Be7 7. O-O O-O 8.
Be3 Nc6 9. f4 Bd7 10. Kh1 Nxd4 11. Bxd4 Bc6 12. Bd3 Nd7 13. Qe1 e5 14. Be3 exf4
15. Bxf4 Ne5 16. Bxe5 dxe5 17. Bc4 Bb4 18. Rd1 Qc7 19. Rd3 Rad8 20. Qh4 Rxd3
21. cxd3 Kh8 22. Ne2 Be7 23. Qg3 Bxe4 24. Nd4 Bg6 25. Nf3 Bf6 26. Re1 Re8 27.
Nh4 Bxh4 28. Qxh4 Qe7 29. Qg3 h6 30. h3 a6 31. Bd5 Qd6 32. Bxb7 1/2-1/2

[Event "España ch-2015 sub-16"]
[Site "Salobreña ESP"]
[Date "2015.07.21"]
[Round "3.14"]
[White "Lechuga Cabrero, Diego"]
[Black "Povill Claros, Xavier"]
[Result "1-0"]
[WhiteElo "1753"]
[BlackElo "2107"]
[PlyCount "99"]
[EventDate "2015.07.20"]
[EventType "swiss"]
[EventRounds "9"]
[EventCountry "ESP"]
[Source "lmi"]
[SourceDate "2015.07.20"]

1. e4 d5 2. exd5 Qxd5 3. Nc3 Qd6 4. d4 Nf6 5. Nf3 c6 6. Be2 Bf5 7. O-O Nbd7 8.
Be3 e6 9. Qd2 Qc7 10. Bf4 Bd6 11. Bxd6 Qxd6 12. Rfe1 O-O 13. Bd3 Bxd3 14. Qxd3
Rfd8 15. Rad1 Qb4 16. Rb1 Rac8 17. Ne2 Nd5 18. c3 Qb6 19. Ng5 N7f6 20. Ne4 Nxe4
21. Qxe4 Nf6 22. Qf3 Rd6 23. Nf4 Rcd8 24. Nd3 Qc7 25. Qg3 b6 26. b4 Qc8 27. a4
Qa6 28. Ne5 Qc8 29. b5 cxb5 30. axb5 Qc7 31. Nc6 Ra8 32. Qf3 Kf8 33. Ra1 a5 34.
c4 Rc8 35. Rec1 Nd7 36. c5 Rd5 37. Qa3 Ke8 38. Ne7 bxc5 39. Nxc8 Qxc8 40. dxc5
Rxc5 41. Rxc5 Qxc5 42. Qxc5 Nxc5 43. Rxa5 Nd7 44. Ra7 Kd8 45. b6 Kc8 46. Rc7+
Kd8 47. Rc6 Nb8 48. Rc1 Na6 49. b7 Kd7 50. Rc8 1-0

[Event "España ch-2015 sub-16"]
[Site "Salobreña ESP"]
[Date "2015.07.21"]
[Round "3.15"]
[White "Portela Peleteiro, Alberto"]
[Black "Guerra Arrocha, Daniel"]
[Result "1/2-1/2"]
[WhiteElo "2105"]
[BlackElo "1989"]
[PlyCount "74"]
[EventDate "2015.07.20"]
[EventType "swiss"]
[EventRounds "9"]
[EventCountry "ESP"]
[Source "lmi"]
[SourceDate "2015.07.20"]

1. e4 c5 2. Nf3 d6 3. d4 cxd4 4. Nxd4 Nf6 5. Nc3 a6 6. Be2 e5 7. Nb3 Be7 8. Be3
O-O 9. O-O Be6 10. Nd5 Nbd7 11. Qd3 Rc8 12. c4 Bxd5 13. exd5 e4 14. Qd4 Re8 15.
Rfd1 Bf8 16. Qd2 Ne5 17. Rac1 Neg4 18. Na5 Nxe3 19. fxe3 Qb6 20. b4 g6 21. Rb1
Nd7 22. Qd4 Qxd4 23. exd4 b6 24. Nc6 Nb8 25. Nxb8 Rxb8 26. a4 Rb7 27. Kf1 f5
28. c5 bxc5 29. dxc5 dxc5 30. Bxa6 Rxb4 31. Rxb4 cxb4 32. d6 Rb8 33. Bc4+ Kg7
34. d7 Be7 35. a5 b3 36. a6 b2 37. Ba2 Ra8 1/2-1/2